Koncepčný návrh vykurovania pasívneho rodinného domu krbom.
Guardado en:
| Autor principal: | |
|---|---|
| Otros Autores: | |
| Formato: | Manuscrito Libro |
| Lenguaje: | eslovaco |
| Publicado: |
Bratislava :
STU v Bratislave SvF,
2014
|
| Materias: | |
| Acceso en línea: | VAIS |
| Etiquetas: |
Sin Etiquetas, Sea el primero en etiquetar este registro!
|
MARC
| LEADER | 00000ntm a22000003a 4500 | ||
|---|---|---|---|
| 001 | stu297125 | ||
| 005 | 20150617230308.1 | ||
| 008 | 140919s2014----xo------------------slo-d | ||
| 040 | |a STU |b slo | ||
| 041 | 0 | |a slo | |
| 044 | |a xo | ||
| 100 | 1 | |a Krempaský, Tomáš, |d 1988- |4 aut |u A |T FAD Fakulta architektúry |X 40142 |U A |Y 50 |7 A000040142 | |
| 242 | 0 | 0 | |a Conceptual design of passive house heating by fireplace |y eng |
| 245 | 1 | |a Koncepčný návrh vykurovania pasívneho rodinného domu krbom. | |
| 260 | |a Bratislava : |b STU v Bratislave SvF, |c 2014 | ||
| 650 | 7 | |a technika prostredia budov |2 stusub | |
| 650 | 7 | |a Environmental Technology of Buildings |2 estusub | |
| 650 | 7 | |a fireplace |2 estusub | |
| 650 | 7 | |a obnoviteľný zdroj energie |2 stusub | |
| 650 | 7 | |a pasívny dom |2 stusub | |
| 650 | 7 | |a solárny systém |2 stusub | |
| 700 | 1 | |a Koudelková, Daniela, |d 1969- |4 ths |u V290 |U SvF Stavebná fakulta |T SvF Katedra technických zariadení budov |X 793 |U V290 |Y 31 |7 A000000793 | |
| 856 | 4 | |a info a plný text |u http://is.stuba.sk/zp/portal_zp.pl?podrobnosti=93763 |3 VAIS | |